[Event "MEX-ch U26 (Women)"]
[Site "Puebla"]
[Date "2014.04.28"]
[Round "3.5"]
[White "Alonso de Leon, Irma Nataly"]
[Black "Velazquez Simon, Ada Alicia"]
[Result "0-1"]
[WhiteElo "1796"]
[BlackElo "1900"]
[PlyCount "108"]
[EventDate "2014.04.28"]
[EventType "swiss"]
[EventRounds "6"]
[EventCountry "MEX"]
[SourceTitle "CBM 160 Extra"]
[Source "ChessBase"]
[SourceDate "2014.07.01"]
[SourceVersion "1"]
[SourceVersionDate "2014.07.01"]
[SourceQuality "1"]

1. e4 c5 2. Nf3 d6 3. d4 cxd4 4. Nxd4 Nf6 5. Nc3 e5 6. Nf3 Be6 7. Be3 Be7 8. h3 0-0 9. Qd2 Nc6 10. g4 d5 11. exd5 Nxd5 12. 0-0-0 Bb4 13. Qd3 Nxc3 14. bxc3 Qxd3 15. Bxd3 Bxc3 16. a3 Rac8 17. Ng5 h6 18. Nxe6 fxe6 19. h4 Bd4 20. Bc4 Bxe3+ 21. fxe3 Nd4 22. Bd3 Nb3+ 23. Kb2 Nc5 24. Bg6 Rf3 25. e4 Na4+ 26. Kc1 Rxa3 27. Rdf1 Ra1+ 28. Kd2 Rxf1 29. Rxf1 Nc5 30. g5 Rd8+ 31. Ke3 a6 32. gxh6 gxh6 33. Rf7 Rd7 34. Rf1 Kg7 35. h5 b5 36. Be8 Rb7 37. Rg1+ Kf8 38. Bg6 a5 39. Rf1+ Kg7 40. Be8 a4 41. Bc6 Rb6 42. Be8 Rb7 43. Bc6 Rb6 44. Be8 a3 45. Rf7+ Kg8 46. Ra7 Ra6 47. Bf7+ Kf8 48. Rxa6 Nxa6 49. Bxe6 Nb4 50. Kf3 a2 51. Bxa2 Nxa2 52. Kg4 Nb4 53. Kf5 Nxc2 54. Kxe5 b4 0-1